Superselling

Bibliographic Details
Main Author: Mcmahon's, Ed
Format: Book
Published: New York : Prentice Hall Press , 1989
Subjects:

MARC

LEADER 00000cam a2200000 7i4500
001 0000079001
005 20180315.0
008 180315
020 |a 013943366x 
090 0 0 |a 658.85   |b MCM 
100 0 |a Mcmahon's, Ed 
245 1 0 |a Superselling   |c Ed Mcmahon's 
260 |a New York :   |b Prentice Hall Press ,   |c 1989 
300 |a 180pg. 
500 |a Included index 
650 0 |a Selling 
999 |a 0000352418   |b Book   |c Adult Collection   |e Cawangan Muar 
999 |a 000352418   |b Book   |c Adult Collection   |e Cawangan Muar